000 00441nam a2200169 a 4500
001 0000-8563
003 ELIB.Books
008 110520 1959
035 _a(ELIB.Books)0000-8709
082 _a254.2
_bZie
100 _aZiegler, Edward Krusen
245 _aThe Village Pastor
260 _bNew York: Agricultural Mission, Inc.
_c1959
650 _aPastoral Theology
942 _2ddc
_cBK
998 _cbat
_e2011-05-20
999 _c8563
_d8563